[Event "Challenge"]
[Site "http://www.queenalice.com/game.php?id=1238548"]
[Date "2013.12.8"]
[Round "-"]
[White "BigWally"]
[Black "graewerld"]
[Result "1-0"]
[WhiteElo "1390"]
[BlackElo "1532"]

1. d4 d5 2. Nf3 Nf6 3. e3 Bf5 4. Bb5+ c6 5. Bd3 Qa5+ 6. Nc3 Nbd7 7. Ne5 Nxe5 8.
dxe5 Ne4 9. Bxe4 dxe4 10. O-O Qd8 11. Qxd8+ Rxd8 12. Na4 e6 13. c4 Bc5 14. Nxc5
O-O 15. b4 b6 16. Nb7 Rd7 17. Nd6 f6 18. Nxf5 exf5 19. Ba3 fxe5 20. b5 Rf6 21.
Bb2 cxb5 22. Bxe5 Rg6 23. cxb5 Rd5 24. Bb8 f4 25. exf4 Rxb5 26. Rfe1 Rh5 27.
Rxe4 h6 28. Re8+ Kh7 29. Be5 a5 30. Rc1 Rh4 31. Rc7 Rhg4 32. g3 h5 33. f3 Rxg3+
34. hxg3 Rxg3+ 35. Kh2 Rxf3 36. Rxg7+ Kh6 37. Rh8# 1-0

[Event "Challenge"]
[Site "http://www.queenalice.com/game.php?id=1253735"]
[Date "2014.2.4"]
[Round "-"]
[White "graewerld"]
[Black "Knighthawk"]
[Result "0-1"]
[WhiteElo "1546"]
[BlackElo "1590"]

1. e4 e6 2. d3 Bc5 3. Nh3 h6 4. c3 Nf6 5. d4 Bb6 6. f3 d5 7. e5 Nh7 8. Bb5+ c6
9. Bd3 O-O 10. Qc2 Ng5 11. Nxg5 hxg5 12. Be3 g4 13. f4 Qh4+ 14. Bf2 Qe7 15. Be2
f5 16. Nd2 c5 0-1

[Event "Challenge"]
[Site "http://www.queenalice.com/game.php?id=1263968"]
[Date "2014.3.11"]
[Round "-"]
[White "graewerld"]
[Black "BigWally"]
[Result "1-0"]
[WhiteElo "1510"]
[BlackElo "1408"]

1. e3 e5 2. d4 exd4 3. Qxd4 Nc6 4. Qd3 d6 5. Qc3 a5 6. Nf3 Nb4 7. Bd3 Nf6 8.
Bb5+ c6 9. Ba4 b5 10. Bb3 c5 11. a3 Nbd5 12. Qd2 c4 13. Ba2 Be7 14. b3 cxb3 15.
Bxb3 Bb7 16. c4 a4 17. Bc2 bxc4 18. Nd4 Rc8 19. Bxa4+ Nd7 20. O-O c3 21. Qd3 O-O
22. e4 N5b6 23. Nxc3 Nc5 24. Qc2 Ncxa4 25. Ndb5 Bf6 26. Bb2 Nxc3 27. Nxc3 Ba6
28. Rfe1 Bxc3 29. Bxc3 Nd7 30. Qd2 Nf6 31. e5 dxe5 32. Qg5 Rxc3 33. h3 e4 34.
Rad1 Qb6 35. Rd2 Rxa3 36. Qf4 Ra4 37. Rd6 Qb4 38. Red1 Qb3 39. Qg3 Qxd1+ 40.
Rxd1 Be2 41. Rd6 Ra1+ 42. Kh2 Nh5 43. Qg5 Ra4 44. Qe7 Bc4 45. Rd8 Rxd8 46. Qxd8#
1-0

[Event "Challenge"]
[Site "http://www.queenalice.com/game.php?id=1317104"]
[Date "2014.10.22"]
[Round "-"]
[White "graewerld"]
[Black "BigWally"]
[Result "0-1"]
[WhiteElo "1522"]
[BlackElo "1429"]

1. e4 Nf6 2. Nc3 e5 3. Nh3 Bd6 4. Qf3 Nc6 5. Bc4 O-O 6. d3 Na5 7. Bg5 Nxc4 8.
dxc4 Bb4 9. a3 Bxc3+ 10. Qxc3 d6 11. O-O Bxh3 12. Qxh3 c5 13. Rad1 Qa5 14. Rxd6
Nxe4 15. Rh6 Nxg5 16. Qf5 gxh6 0-1

[Event "Challenge"]
[Site "http://www.queenalice.com/game.php?id=1317105"]
[Date "2014.10.22"]
[Round "-"]
[White "graewerld"]
[Black "BigWally"]
[Result "0-1"]
[WhiteElo "1502"]
[BlackElo "1418"]

1. e4 e5 2. Nf3 Bd6 3. Nc3 Nf6 4. Bc4 O-O 5. d3 Bb4 6. Bd2 c6 7. Nxe5 d6 8. Nf3
d5 9. exd5 Bxc3 10. Bxc3 cxd5 11. Bb3 Bg4 12. O-O Nc6 13. h3 d4 14. Bd2 Bxf3 15.
Qxf3 a5 16. Rae1 a4 17. Bc4 Nd7 18. Bh6 gxh6 19. Re4 Nf6 20. Qxf6 Qxf6 21. Rfe1
Nb4 22. R1e2 a3 23. bxa3 Nc6 24. Rg4+ Kh8 25. Ree4 Ne7 26. Ref4 Nf5 27. Kh2 Rxa3
28. Bd5 h5 29. Be4 hxg4 30. Bxf5 gxh3 31. gxh3 Rxa2 32. Kg3 Rxc2 33. Bg4 Qd6 34.
Kf3 Qd5+ 0-1

[Event "Challenge"]
[Site "http://www.queenalice.com/game.php?id=1317865"]
[Date "2014.10.26"]
[Round "-"]
[White "JadeTgr7"]
[Black "graewerld"]
[Result "1-0"]
[WhiteElo "1614"]
[BlackElo "1522"]

1. e4 d5 2. exd5 Qxd5 3. Nc3 Qe6+ 4. Be2 Nf6 5. Nf3 Nc6 6. d4 Qg4 7. O-O Qf5 8.
Bd3 Qg4 9. h3 Qh5 10. Be2 Qg6 11. Nh4 Qxg2+ 12. Kxg2 e5 13. Nb5 Nd5 14. dxe5 Be6
15. c4 a6 16. cxd5 1-0

[Event "Challenge"]
[Site "http://www.queenalice.com/game.php?id=1317866"]
[Date "2014.10.26"]
[Round "-"]
[White "graewerld"]
[Black "JadeTgr7"]
[Result "0-1"]
[WhiteElo "1522"]
[BlackElo "1575"]

1. d3 e5 2. e4 Nc6 3. Nh3 d6 4. Qf3 h6 5. Be3 Nf6 6. Nc3 g5 7. g4 Bxg4 8. Qg3
Nd4 9. Rc1 Nf3+ 10. Ke2 Nxh2+ 11. f3 Bxf3+ 12. Qxf3 Nxf3 13. Kxf3 g4+ 14. Ke2
gxh3 15. Rxh3 Ng4 0-1

[Event "Challenge"]
[Site "http://www.queenalice.com/game.php?id=1324994"]
[Date "2014.11.28"]
[Round "-"]
[White "JosephPyehoor"]
[Black "graewerld"]
[Result "1-0"]
[WhiteElo "1438"]
[BlackElo "1502"]

1. f3 d6 2. Kf2 e5 3. e3 Nh6 4. d3 Nc6 5. g3 f5 6. Ne2 f4 7. exf4 e4 8. dxe4 Qe7
9. Nbc3 Be6 10. Nd4 Qd7 11. Nxe6 Qxe6 12. f5 Qf6 13. Nd5 Qd8 14. Bxh6 gxh6 15.
h4 Na5 16. b4 Nc6 17. c3 Qd7 18. Nf6+ Kd8 19. Nxd7 Kxd7 20. Bb5 a6 21. Bxc6+
bxc6 22. h5 1-0

[Event "Challenge"]
[Site "http://www.queenalice.com/game.php?id=1427640"]
[Date "2016.6.15"]
[Round "-"]
[White "graewerld"]
[Black "BigWally"]
[Result "0-1"]
[WhiteElo "1474"]
[BlackElo "1434"]

1. e3 e5 2. Nc3 Nc6 3. Nf3 Nf6 4. d4 exd4 5. exd4 d5 6. Bb5 Bb4 7. Qd3 Ne4 8.
Bg5 Nxg5 9. h4 Nxf3+ 10. Qxf3 a6 11. Bd3 Nxd4 12. Qe3+ Ne6 13. O-O-O O-O 14. a3
Bc5 15. b4 Bxe3+ 16. fxe3 c5 17. Nxd5 Qxd5 18. Bxh7+ Kxh7 19. Rxd5 b6 20. Rh3
cxb4 21. h5 bxa3 22. h6 gxh6 23. Rdh5 a2 24. Rxh6+ Kg8 25. Rg3+ Ng7 26. Kb2 Bf5
27. Kxa2 f6 28. Rh5 Kf7 29. e4 Bxe4 30. Rhh3 Bf5 31. Rh4 Rac8 32. Rf3 Rxc2+ 33.
Kb3 Rxg2 34. Rd4 Be6+ 35. Kb4 Rb2+ 0-1

[Event "Challenge"]
[Site "http://www.queenalice.com/game.php?id=1442106"]
[Date "2016.9.20"]
[Round "-"]
[White "graewerld"]
[Black "Mikalus"]
[Result "0-1"]
[WhiteElo "1480"]
[BlackElo "1884"]

1. d3 e5 2. e4 Nf6 3. Nh3 Nc6 4. Bg5 Be7 5. c3 d6 6. g3 h6 7. Be3 Ng4 8. f3 Nxe3
9. Qe2 Nxf1 10. Rxf1 Bxh3 11. Rf2 O-O 12. Nd2 Be6 13. b3 a6 14. d4 exd4 15. c4
Nb4 16. Nf1 d3 17. Qd2 Nc2+ 18. Kd1 Nxa1 19. Qxd3 b5 20. c5 dxc5 21. Qxd8 Raxd8+
22. Kc1 Bf6 23. Ne3 c6 24. h4 Rd3 25. Nd1 Rfd8 0-1

[Event "Challenge"]
[Site "http://www.queenalice.com/game.php?id=1474972"]
[Date "2017.4.24"]
[Round "-"]
[White "graewerld"]
[Black "mvson33"]
[Result "0-1"]
[WhiteElo "1478"]
[BlackElo "1774"]

1. e3 e5 2. d4 exd4 3. Qxd4 Nc6 4. Qe4+ Be7 5. Bc4 Nf6 6. Qf3 O-O 7. Nh3 d6 8.
Nf4 Bd7 9. Nc3 Rb8 10. O-O Bg4 11. Ne6 Bxf3 12. Nxd8 Bxg2 13. Rd1 Bf3 14. Rd3
Rbxd8 15. Bd2 Ne5 16. Rd4 Nxc4 17. Rxc4 d5 18. Rxc7 Bd6 19. Rxb7 Rfe8 20. a4 Re5
21. Rxa7 Rg5+ 22. Kf1 Rg2 0-1

[Event "Challenge"]
[Site "http://www.queenalice.com/game.php?id=1474973"]
[Date "2017.4.24"]
[Round "-"]
[White "mvson33"]
[Black "graewerld"]
[Result "1-0"]
[WhiteElo "1811"]
[BlackElo "1483"]

1. e4 e5 2. Nf3 Nc6 3. Bc4 Nh6 4. d4 d6 5. Bxh6 gxh6 6. Nc3 Bg4 7. dxe5 dxe5 8.
Nd5 Bd6 9. Qd3 O-O 10. O-O-O h5 11. h3 Bd7 12. Qe3 Be7 13. Qh6 Na5 14. Nxe7+
Qxe7 15. Ng5 Qxg5+ 16. Qxg5+ Kh8 17. Qf6+ Kg8 18. Rd3 1-0

[Event "Challenge"]
[Site "http://www.queenalice.com/game.php?id=1496038"]
[Date "2017.9.22"]
[Round "-"]
[White "graewerld"]
[Black "BigWally"]
[Result "0-1"]
[WhiteElo "1445"]
[BlackElo "1481"]

1. e3 e5 2. g4 e4 3. d3 exd3 4. cxd3 Bb4+ 5. Bd2 Bxd2+ 6. Qxd2 Nf6 7. h3 d5 8.
Nc3 O-O 9. Nge2 c6 10. Bg2 b5 11. a4 b4 12. Na2 Na6 13. b3 c5 14. d4 cxd4 15.
Qxd4 Nc7 16. Qxb4 Be6 17. Nf4 Rb8 18. Qd4 Rxb3 19. O-O Ra3 20. Qd2 Bd7 21. Qb4
Rxa4 22. Qd6 Bb5 23. Qxd8 Rxd8 24. Nc3 Bxf1 25. Rxf1 Ra3 26. Nce2 Nb5 27. g5 Ne4
28. f3 Nxg5 29. h4 Ne6 30. Nxe6 Re8 31. Nc5 Raxe3 32. Ng3 d4 33. Kf2 R3e5 0-1

[Event "Challenge"]
[Site "http://www.queenalice.com/game.php?id=1511624"]
[Date "2018.1.13"]
[Round "-"]
[White "graewerld"]
[Black "dejami"]
[Result "0-1"]
[WhiteElo "1456"]
[BlackElo "1774"]

1. d3 e5 2. e4 Bc5 3. Nh3 d5 4. f3 Bxh3 5. gxh3 Qh4+ 6. Kd2 Qf2+ 7. Be2 d4 8.
Rf1 Qxh2 9. c3 dxc3+ 10. Nxc3 c6 11. Rh1 Qf2 12. Kc2 b5 13. Rf1 Qd4 14. a3 Nf6
15. a4 b4 16. Nb5 cxb5 0-1

[Event "Challenge"]
[Site "http://www.queenalice.com/game.php?id=1511625"]
[Date "2018.1.13"]
[Round "-"]
[White "dejami"]
[Black "graewerld"]
[Result "1-0"]
[WhiteElo "1757"]
[BlackElo "1453"]

1. e4 e5 2. Bc4 Qf6 3. Ne2 Nc6 4. c3 Bc5 5. O-O Nh6 6. b4 Bb6 7. Ng3 g6 8. d4
exd4 9. Bxh6 dxc3 10. Na3 a6 11. Nc2 a5 12. Be3 O-O 13. Qc1 Nxb4 14. a3 Nc6 15.
Rb1 1-0

[Event "zahadoon"]
[Site "http://www.queenalice.com/game.php?id=1760441"]
[Date "2021.5.25"]
[Round "-"]
[White "BigWally"]
[Black "graewerld"]
[Result "1-0"]
[WhiteElo "1583"]
[BlackElo "1422"]

1. e4 e5 2. Nf3 Nc6 3. Be2 a6 4. d3 Nf6 5. Nc3 b5 6. a3 h6 7. b4 a5 8. bxa5 Rxa5
9. Rb1 Bxa3 10. Bxa3 Rxa3 11. Nxb5 Ra5 12. Nc3 Nh5 13. g3 Qe7 14. O-O O-O 15.
Nd5 Qd6 16. Nh4 Rxd5 17. exd5 Qxd5 18. Bxh5 Ne7 19. c4 Qc6 20. Bf3 Qc5 21. Rb8
g5 22. Ng2 c6 23. Ne3 Qa7 24. Rb4 c5 25. Ra4 Qb8 26. Ng4 Qd6 27. Be4 f5 28.
Nxh6+ Kh7 29. Nxf5 Rxf5 30. Bxf5+ Nxf5 31. Qh5+ Nh6 32. Qxg5 Bb7 33. Ra3 Qc6 34.
f3 Bc8 35. Qxe5 d6 36. Qe7+ Kg6 37. Ra7 Bd7 38. Rxd7 Qxd7 39. Qxd7 1-0

[Event "covid free"]
[Site "http://www.queenalice.com/game.php?id=1765922"]
[Date "2021.8.1"]
[Round "-"]
[White "graewerld"]
[Black "BigWally"]
[Result "0-1"]
[WhiteElo "1412"]
[BlackElo "1587"]

1. d3 d5 2. e4 dxe4 3. dxe4 Qxd1+ 4. Kxd1 e5 5. Nf3 Bd6 6. Nc3 Nf6 7. h3 O-O 8.
Bc4 Bc5 9. Be3 Bxe3 10. fxe3 Nbd7 11. Re1 a5 12. Kd2 b6 13. Rad1 Ba6 14. Bb3 b5
15. Kc1 b4 16. Nd5 c6 17. Ne7+ Kh8 18. Nxc6 a4 19. Bxa4 Nc5 20. Rd6 Nxa4 21. Ng5
h6 22. Nf3 Nxe4 23. Nfxe5 Nxd6 24. Rd1 Nf5 25. Rd7 Rfe8 26. Nxf7+ Kg8 27. g4 Nc5
0-1

[Event "Challenge"]
[Site "http://www.queenalice.com/game.php?id=1775219"]
[Date "2021.11.19"]
[Round "-"]
[White "graewerld"]
[Black "Antonella"]
[Result "0-1"]
[WhiteElo "1403"]
[BlackElo "1306"]

1. e4 d5 2. e5 g5 3. Nf3 Bg4 4. h3 Bxf3 5. Qxf3 Nc6 6. Qf5 h6 7. Nc3 e6 8. Qd3
Nxe5 9. Qb5+ c6 10. Qb3 b5 11. a4 a6 12. axb5 cxb5 13. Bxb5+ axb5 14. Qxb5+ Nd7
15. Rxa8 Qxa8 16. O-O Ne7 17. g4 d4 18. Na4 Nd5 19. c4 Nb4 20. Nb6 Qb7 21. Qxd7+
Qxd7 22. Nxd7 Kxd7 23. Re1 Be7 24. b3 Nd3 0-1

[Event "dolphins in the superbowl?"]
[Site "http://www.queenalice.com/game.php?id=1776353"]
[Date "2021.12.6"]
[Round "-"]
[White "BigWally"]
[Black "graewerld"]
[Result "1-0"]
[WhiteElo "1568"]
[BlackElo "1383"]

1. Nc3 e6 2. e4 f5 3. f4 g6 4. d4 fxe4 5. Nxe4 Nc6 6. Be3 Bb4+ 7. c3 Be7 8. h4
Na5 9. Qa4 Nc6 10. Nf3 d5 11. Nc5 Bxc5 12. dxc5 Bd7 13. g4 Ne5 14. Qd1 Nxf3+ 15.
Qxf3 Nf6 16. g5 Ne4 17. Bd4 Rf8 18. a4 b6 19. Bb5 Bxb5 20. axb5 bxc5 21. Bg7 Rf7
22. Be5 Qd7 23. h5 Rb8 24. Rxa7 Qxb5 25. Bxc7 Rxc7 26. Rxc7 Qxb2 27. O-O Nd2 28.
Qd1 Rb3 29. Rf2 1-0